00675nam a2200217 a 4500001000400000003001000004005001700014008004100031020001800072040002500090080001400115100005200129245007500181260004000256300001900296504002500315650002200340650003700362650003000399650002800429573BR-CuiBMT20231109201851.0231109s2008 mgb 000 0 por d a9788577001453 aBR-CuiBMTcBR-CuiBMT 22007a3421 aBittencourt, Marcus Vinicius Corrêa, d1970- 0 aEstudos de direito público / cMarcus Vinicius Corrêa Bittencourt. aBelo Horizonte : bFórum, c2008. a105 p.:c21 cm aInclui bibliografia. aDireito público aDireitos e garantias individuais aMoralidade administrativa aProcesso administrativo